=LDR 00000nam 2200000 4500 =001 INLIS000000000023235 =005 20130612121918 =008 ***********************************Ind** =035 ##$$0010-061300000023235 =041 ##$$a Ind =082 ##$$a 342.76 =090 ##$$a 342.76, Yud p =100 ##$$a Yudana, I Made =245 ##$$a Penuntun pelajaran tata negara berdasarkan kurikulum 1984 disesuaikan dengan GBPP 1987 SMA kelas III A3 / III A4 semester 5 dan 6, I Made Udana; Widiada Gunakaya =260 ##$$a 1988 $b Bandung =300 ##$$a 320 hlm, 21 cm =650 ##$$a Tata Negara- Studi dan Pelajaran =850 ##$$a NBPNMAT =990 ##$$a 1287412874 =990 ##$$a 00046380 =990 ##$$a 01201712874